00667nam a22001817a 450000500170000001000150001702000260003203500140005803700090007208200100008110000190009124500900011025000060020026000540020627001250026030000200038550000800040520241129150434.0 aENG-142731 a9789393766182c220.00 aEN-126263 bDBAD a006.3 aLohia, Rajesh  aMastering The Artificial Intelligence (AI) Skills For Professionals/bBy Rajesh Lohia a1 aMadhya Pradesh bXcess Infostore Pvt. Ltd.c2023 a213, Silver Mall , Block B,8/A,R.N.T. Marg, IndorebMadhya Pradeshe452001k9826012052k94794724245minfo@xcessbooks.com a146p.c21cm(pb) a• Company Secretaries • Chartered Accountants, and • Cost Accountants